000 00369nam a2200145 i 4500
001 bg
100 1 _aDJAKONOV, V. P.
245 0 _aLavinnye tranzistory i ich primenenie v impulsnych ustrojstvach /
_cV.P. Djakonov.
260 _aMoskva,
_c1974.
040 _cBPK
041 _apol
080 _a621.382.3
942 _cKS
008 s pl f |000 0 pol
999 _c26510
_d26510
856 _uhttp://koha.tu.koszalin.pl/cgi-bin/koha/opac-detail.pl?biblionumber=26510
_yKatalog online BPK